000 00890cad a22002175a 4500
001 L142494
008 071017s2007 xxkad f s 000 0 eng d
035 _a(Sirsi) u142494
041 0 _aeng
050 0 4 _a333.33 $2 18
110 2 _aJones Lang LaSalle Hotels
_95404
245 0 0 _aHotel investment outlook 2008
_h[electronic resource]
260 _a[S.l]
_bJones Lang LaSalle
_c2008
520 _aCompares key hotel markets. Analyses the global hotel investment market. Makes investment forecasts for 2008.
590 _aKA
651 4 _aInternational
690 _aPROPERTY-COMMERCIAL PROPERTY-LEISURE PROPERTY-HOLIDAY AND GUEST PROPERTY-HOTEL PROPERTY-HOTELS
690 _aPROPERTY-COMMERCIAL PROPERTY-COMMERCIAL PROPERTY MARKET
856 4 0 _uhttps://www.joneslanglasalle.com
_zView this item free of charge at www.joneslanglasalle.com...(may require registeration)
942 _n0
999 _c107900
_d107900